000 00715cgm a22002295a 4500
001 12338947
005 20180216100059.0
007 v| ||||||
008 010308s2000 xx --- vlund
010 _a 2001638252
040 _aDLC
_cDLC
_eamim
_dDLC
041 _aeng
080 _a94 eli
082 _294 eli
100 _a16
101 _ahis
245 0 0 _aWorld history, visions, voices, views.
_pEarly civilization /
_cPrentice Hall Social Studies and WGBH presents.
246 3 0 _aEarly civilization
246 1 _iTitle on descriptive material:
_aPrentice Hall World History--Connections to Today--Visions Voices Views
906 _a0
_bcbc
_corigcop
_du
_encip
_f20
_gy-movingim
942 _2ddc
_cBK
999 _c42855
_d42855